00929nam a22002534aa4500003000800000005001700008008004100025040003000066041000800096044000700104082001800111100004200129245012900171260002400300300004200324500003600366502018000402650001400582653000900596653001200605653001300617653001200630700003300642BOFEUTO20260512164033.0260504t2024 bo gr 000 f spa d 6BOFEUTOaBOFEUTOcBOFEUTO aspa abo aTE6305bM827p aMorales Ríos, Fabiana Astrideautor aPlan de marketing para el Hostal Gran Floryda de la ciudad de Oruro. /cFabiana Astrid Morales Ríos, Herrera Lovera, Pablo aOruro :bs/n,c2024 a98 hojas ;bgráf, ilus. ;c28.5 cm. aIncluye bibliografía, anexos. aTesis Dirigida, (Licenciatura) -- Universidad Técnica de Oruro, Facultad de Ciencias Económicas, Financieras y Administrativas, Carrera Administración de Empresas, 2024. aMarketing aPlan aProceso aServicio aCanales aHerrera Lovera, Pabloeautor